Alternativní způsoby financování extrémismu - monetizace obsahu internetu
Islamský štát – radikálny teroristický globalizačný produkt. Islamský extrémizmus ako globálny faktor. Invázia islamu podľa ISIS. Ohniská radikálneho islamu. Informačné prostredie ako potencionálny nástroj islamskej hegemónie. Financovanie ISIS. Internet ako možný nástroj monetizácie. Arabské krajin...
Enregistré dans:
| Auteur principal: | |
|---|---|
| Format: | Chapitre de livre |
| Langue: | tchèque |
| Sujets: | |
| Tags: |
Pas de tags, Soyez le premier à ajouter un tag!
|
MARC
| LEADER | 00000nla a2200000 4500 | ||
|---|---|---|---|
| 001 | 0243062 | ||
| 005 | 20240417075138.9 | ||
| 041 | 0 | |a cze | |
| 044 | |a SK | ||
| 245 | 1 | 0 | |a Alternativní způsoby financování extrémismu - monetizace obsahu internetu |c Josef Botlík |
| 520 | |a Islamský štát – radikálny teroristický globalizačný produkt. Islamský extrémizmus ako globálny faktor. Invázia islamu podľa ISIS. Ohniská radikálneho islamu. Informačné prostredie ako potencionálny nástroj islamskej hegemónie. Financovanie ISIS. Internet ako možný nástroj monetizácie. Arabské krajiny a prostredie internetu. Porovnanie moslimskej populácie a využívania internetu. | ||
| 610 | 2 | 0 | |a náboženstvo |
| 610 | 2 | 0 | |a islam |
| 610 | 2 | 0 | |a moslimovia |
| 610 | 2 | 0 | |a extrémizmus |
| 610 | 2 | 0 | |a terorizmus |
| 610 | 2 | 0 | |a informácie |
| 610 | 2 | 0 | |a technológie informačné |
| 610 | 2 | 0 | |a technológie komunikačné |
| 610 | 2 | 0 | |a internet |
| 610 | 2 | 0 | |a migrácia |
| 610 | 2 | 0 | |a zdroje finančné |
| 610 | 2 | 0 | |a financovanie |
| 610 | 2 | 0 | |a reklama |
| 610 | 2 | 0 | |a Sýria |
| 610 | 2 | 0 | |a Irak |
| 100 | 1 | |a Botlík, Josef | |